[Event "Vandoeuvre op"]
[Site "Vandoeuvre"]
[Date "2004.??.??"]
[Round "1"]
[White "Mollimard, Victor"]
[Black "Klipper, Sephora"]
[Result "0-1"]
[WhiteElo "1070"]
[BlackElo "1680"]
[PlyCount "100"]
[EventDate "2004.12.26"]
[EventType "swiss"]
[EventRounds "9"]
[EventCountry "FRA"]
[SourceTitle "CBM 104 Extra"]
[Source "ChessBase"]
[SourceDate "2005.03.01"]
[SourceVersion "1"]
[SourceVersionDate "2005.03.01"]
[SourceQuality "1"]

1. e4 e5 2. Nc3 Bc5 3. Nf3 Nc6 4. Bc4 Nf6 5. Ng5 0-0 6. Nf3 d6 7. d3 Be6 8. Bb5 h6 9. a3 Bg4 10. Bxc6 bxc6 11. Be3 Bb6 12. h3 Bh5 13. a4 c5 14. a5 Nd7 15. axb6 axb6 16. Rxa8 Qxa8 17. Nd5 Qd8 18. 0-0 c6 19. Nc3 b5 20. Ne2 Bxf3 21. gxf3 Qh4 22. Kh2 d5 23. Rg1 d4 24. Rg4 Qf6 25. Bd2 Qxf3 26. Qf1 Kh7 27. Ng1 Qf6 28. f3 h5 29. Rg5 g6 30. f4 Ra8 31. f5 Kg7 32. Nf3 Nf8 33. Rg2 Nh7 34. Qc1 Ra6 35. Bh6+ Kg8 36. Rg3 Ra7 37. fxg6 fxg6 38. Ng5 Nxg5 39. Bxg5 Qf7 40. Bh6 Kh7 41. Kg2 Ra8 42. Qg5 Ra2 43. Qc1 Qe6 44. Bg5 Ra7 45. h4 Rf7 46. Rf3 Qg4+ 47. Rg3 Qe2+ 48. Kh3 Rf1 49. Rg2 Qf3+ 50. Rg3 Qh1# 0-1